| 000 | 00455nam a22001697a 4500 | ||
|---|---|---|---|
| 003 | NUST - PNEC | ||
| 005 | 20170116181147.0 | ||
| 008 | 151013b xxu||||| |||| 00| 0 eng d | ||
| 020 | _a- | ||
| 040 | _cLIBRARY | ||
| 082 | _a823.9 MUN | ||
| 100 |
_915063 _aMuntz, Hope |
||
| 245 |
_aThe golden warrior, the story of Harold and William. _cHope Muntz, |
||
| 260 | _cc1966. | ||
| 650 |
_915068 _aWilliam I, King of England, _xGeneral |
||
| 942 |
_2ddc _cBK |
||
| 999 |
_c70745 _d70745 |
||